| 000 | 00561nam a22001937a 4500 | ||
|---|---|---|---|
| 999 |
_c4369 _d4369 |
||
| 003 | AR-CdUCM | ||
| 008 | 190308b ||||| |||| 00| 0 spa d | ||
| 040 |
_aMUNICIPALIDAD PROVINCIAL DEL CUSCO _cBIBLIOTECA MUNICIPAL DEL CUSCO |
||
| 082 |
_a730 / _bP43 |
||
| 110 |
_aFundacion Telefónica _913791 |
||
| 245 | _aPeña, Osvaldo | ||
| 260 |
_aChile : _bFundación Telefónica , _c2002. |
||
| 300 |
_a24 páginas ; _c21 cm. |
||
| 650 |
_aEscultura Chilena _913792 |
||
| 650 |
_aArte Chileno _913793 |
||
| 650 |
_aChile _91150 |
||
| 942 |
_2ddc _cLIBROS |
||
| 945 | _artm | ||